<?xml version="1.0" encoding="UTF-8"?>
<record
    xmlns:xsi="http://www.w3.org/2001/XMLSchema-instance"
    xsi:schemaLocation="http://www.loc.gov/MARC21/slim http://www.loc.gov/standards/marcxml/schema/MARC21slim.xsd"
    xmlns="http://www.loc.gov/MARC21/slim">

  <leader>0226622 4a22003494504500</leader>
  <controlfield tag="003">PE-LiUPU</controlfield>
  <controlfield tag="005">20251126155530.0</controlfield>
  <controlfield tag="008">170000s2017 sp |||| |||| 000 0 spa d</controlfield>
  <datafield tag="020" ind1=" " ind2=" ">
    <subfield code="a">9788494689666</subfield>
  </datafield>
  <datafield tag="035" ind1=" " ind2=" ">
    <subfield code="a">PE-LiUPU000003</subfield>
  </datafield>
  <datafield tag="040" ind1=" " ind2=" ">
    <subfield code="a">PE-LiUPU</subfield>
    <subfield code="b">spa</subfield>
    <subfield code="c">PE-LiUPU</subfield>
    <subfield code="e">rda</subfield>
  </datafield>
  <datafield tag="041" ind1="0" ind2=" ">
    <subfield code="a">spa</subfield>
  </datafield>
  <datafield tag="082" ind1="0" ind2="4">
    <subfield code="a">641.86</subfield>
    <subfield code="b">M183e</subfield>
    <subfield code="2">23</subfield>
  </datafield>
  <datafield tag="100" ind1="1" ind2=" ">
    <subfield code="a">Madrid Vicente, Antonio,</subfield>
    <subfield code="e">autor.</subfield>
    <subfield code="9">4832</subfield>
  </datafield>
  <datafield tag="245" ind1="1" ind2="0">
    <subfield code="a">Elaboraci&#xF3;n de helados :</subfield>
    <subfield code="b">unidad formativa UF1283 del Certificado de Profesionalidad : con ejercicios pr&#xE1;cticos resueltos /</subfield>
    <subfield code="c">Antonio Madrid.</subfield>
  </datafield>
  <datafield tag="250" ind1=" " ind2=" ">
    <subfield code="a">Primera edici&#xF3;n.</subfield>
  </datafield>
  <datafield tag="264" ind1=" " ind2="1">
    <subfield code="a">Madrid :</subfield>
    <subfield code="b">AMV Ediciones,</subfield>
    <subfield code="c">2017.</subfield>
  </datafield>
  <datafield tag="300" ind1=" " ind2=" ">
    <subfield code="a">309 p&#xE1;ginas :</subfield>
    <subfield code="b">ilustraciones ;</subfield>
    <subfield code="c">28 cm</subfield>
  </datafield>
  <datafield tag="336" ind1=" " ind2=" ">
    <subfield code="a">texto</subfield>
    <subfield code="2">rdacontent</subfield>
  </datafield>
  <datafield tag="337" ind1=" " ind2=" ">
    <subfield code="a">sin mediaci&#xF3;n</subfield>
    <subfield code="2">rdamedia</subfield>
  </datafield>
  <datafield tag="338" ind1=" " ind2=" ">
    <subfield code="a">volumen</subfield>
    <subfield code="2">rdacarrier</subfield>
  </datafield>
  <datafield tag="504" ind1=" " ind2=" ">
    <subfield code="a">Incluye bibliograf&#xED;a; contiene soluciones a los ejercicios pr&#xE1;cticos.</subfield>
  </datafield>
  <datafield tag="505" ind1="0" ind2=" ">
    <subfield code="a">Los helados: historia, tipos, ingredientes y valor nutritivo -- Materias primas y aditivos en la elaboraci&#xF3;n de helados -- Los aditivos en los helados -- Microbiolog&#xED;a de los helados -- Fabricaci&#xF3;n de helados y fases del proceso -- Vitrinas frigor&#xED;ficas y dispensadores de bebidas fr&#xED;as -- Envasado, extrusi&#xF3;n y endurecimiento de los helados -- Limpieza y desinfecci&#xF3;n en f&#xE1;bricas de helados -- Mantenimiento de instalaciones -- Higiene y seguridad en el trabajo -- Formulaci&#xF3;n de helados -- Elaboraci&#xF3;n de horchata -- Elaboraci&#xF3;n del yogur y del helado de yogur -- An&#xE1;lisis qu&#xED;mico de helados -- Reglamentaci&#xF3;n t&#xE9;cnico-sanitaria sobre helados, yogur y horchatas -- Ejercicios pr&#xE1;cticos con soluciones.</subfield>
  </datafield>
  <datafield tag="520" ind1=" " ind2=" ">
    <subfield code="a">Manual profesional sobre la fabricaci&#xF3;n de helados y productos afines. Explica materias primas, aditivos, procesos industriales y artesanales, higiene, mantenimiento, an&#xE1;lisis qu&#xED;mico y normativa, con numerosos ejercicios pr&#xE1;cticos resueltos.</subfield>
  </datafield>
  <datafield tag="650" ind1="1" ind2="4">
    <subfield code="a">Fabricaci&#xF3;n de helados</subfield>
    <subfield code="9">897</subfield>
  </datafield>
  <datafield tag="650" ind1="2" ind2="4">
    <subfield code="a">Industrias alimentarias</subfield>
    <subfield code="x">Procesos t&#xE9;cnicos.</subfield>
    <subfield code="9">6932</subfield>
  </datafield>
  <datafield tag="650" ind1="2" ind2="4">
    <subfield code="a">Higiene de los alimentos</subfield>
    <subfield code="9">6913</subfield>
  </datafield>
  <datafield tag="650" ind1="2" ind2="4">
    <subfield code="a">Seguridad alimentaria</subfield>
    <subfield code="9">7679</subfield>
  </datafield>
  <datafield tag="856" ind1="4" ind2="0">
    <subfield code="u">https://www.amvediciones.com</subfield>
    <subfield code="z">Sitio web de la editorial.</subfield>
  </datafield>
  <datafield tag="942" ind1=" " ind2=" ">
    <subfield code="2">ddc</subfield>
    <subfield code="c">BK</subfield>
  </datafield>
  <datafield tag="980" ind1=" " ind2=" ">
    <subfield code="6">18228</subfield>
    <subfield code="a">Rebeca Esther Huerta Leyton</subfield>
    <subfield code="8">18226</subfield>
    <subfield code="g">Jaime Vilcaz&#xE1;n Jefe de An&#xE1;lisis Documental</subfield>
  </datafield>
  <datafield tag="999" ind1=" " ind2=" ">
    <subfield code="c">63179</subfield>
    <subfield code="d">63178</subfield>
  </datafield>
  <datafield tag="952" ind1=" " ind2=" ">
    <subfield code="r">2025-12-03 00:00:00</subfield>
    <subfield code="l">0</subfield>
    <subfield code="o">641.86 M183e</subfield>
    <subfield code="p">82912</subfield>
    <subfield code="t">e1</subfield>
    <subfield code="v">45.97</subfield>
    <subfield code="w">2025-11-25</subfield>
    <subfield code="x">FIA</subfield>
    <subfield code="y">BK</subfield>
    <subfield code="1">0</subfield>
    <subfield code="2">ddc</subfield>
    <subfield code="5">0</subfield>
    <subfield code="7">0</subfield>
    <subfield code="8">GEN</subfield>
    <subfield code="f">P26</subfield>
    <subfield code="a">BUL</subfield>
    <subfield code="b">BUL</subfield>
    <subfield code="c">GEN</subfield>
    <subfield code="d">2025-11-25</subfield>
    <subfield code="e">COMPRA, J&amp;X DISTRIBUIDORA</subfield>
    <subfield code="g">40.97</subfield>
  </datafield>
</record>
